| 000 | 01837nam a2200445 i 4500 | ||
|---|---|---|---|
| 001 | 146615 | ||
| 003 | FlNmELB | ||
| 005 | 20241217182149.0 | ||
| 006 | m o d | | ||
| 007 | cr cnu|||||||| | ||
| 008 | 160509s2012 sp ob 001 0 spa d | ||
| 035 | _a(MiAaPQ)EBC4499351 | ||
| 035 | _a(Au-PeEL)EBL4499351 | ||
| 035 | _a(CaPaEBR)ebr11201600 | ||
| 035 | _a(OCoLC)984814055 | ||
| 040 |
_aFINmELB _bspa _erda _cFINmELB |
||
| 050 | 4 |
_aHD31 _bG491 2012 |
|
| 080 | _a658 | ||
| 082 | 0 |
_a658 _223 |
|
| 100 | 1 | _aGimeno Navarro, Miguel Ángel. | |
| 245 | 1 | 3 |
_aEl modelo emergente de la organización saludable : _bfactores para su construcción y desarrollo evolutivo / _cMiguel Ángel Gimeno Navarro ; dirigida por: Antonio Grandío Botella, Daniel Pinazo Calatayud. |
| 264 | 1 |
_aCastelló de la Plana : _bUniversitat Jaume I. Servei de Comunicació i Publicacions, _c[2012] |
|
| 300 | _a1 recurso en línea (350 páginas) | ||
| 336 |
_atexto _btxt _2rdacontent/spa |
||
| 337 |
_acomputadora _bc _2rdamedia/spa |
||
| 338 |
_arecurso en línea _bcr _2rdacarrier/spa |
||
| 500 | _aContiene índice. | ||
| 504 | _aContiene referencias bibliográficas. | ||
| 588 | _aDescripción basada en recurso en línea; Título de la página del título en PDF (e-libro, visto May 09, 2016). | ||
| 590 | _aRecurso electronico. Santa Fe, Arg. : e-libro, 2016. Disponible via World Wide Web. El acceso puede ser limitado para las bibliotecas afiliadas a e-libro. | ||
| 650 | 0 | _aManagement. | |
| 650 | 4 | _aAdministración de empresas. | |
| 650 | 0 | _aMarketing. | |
| 650 | 4 | _aMercadotecnia. | |
| 655 | 4 | _aLibros electrónicos. | |
| 700 | 1 |
_aGrandío Botella, Antonio, _edirector. |
|
| 700 | 1 |
_aPinazo Calatayud, Daniel, _edirector. |
|
| 797 | 2 | _ae-libro, Corp. | |
| 856 | 4 | 0 | _uhttps://elibro.net/ereader/politecnicointernacional/86389 |
| 999 |
_c146615 _d146615 |
||